Reinventing Democracy in Bolivia and Latin America /
Uloženo v:
| Hlavní autor: | |
|---|---|
| Médium: | Text |
| Témata: | |
| Tagy: |
Přidat tag
Žádné tagy, Buďte první, kdo vytvoří štítek k tomuto záznamu!
|
MARC
| LEADER | 00000 a a2200000 04500 | ||
|---|---|---|---|
| 001 | 16297 | ||
| 003 | |||
| 040 | |||
| 100 | |a Salman, Ton | ||
| 245 | |a Reinventing Democracy in Bolivia and Latin America / |c Ton Salman | ||
| 650 | |a DEMOCRACIA | ||
| 650 | |a POLITICA | ||
| 650 | |a CIUDADANIA | ||
| 650 | |a AMERICA LATINA | ||
| 650 | |a BOLIVIA | ||
| 773 | |g número 84; páginas 87-99 | ||
| 999 | |c 23228 |d 23228 | ||
